| 000 | 00362nam a2200145Ia 4500 | ||
|---|---|---|---|
| 008 | 230312s9999||||xx |||||||||||||| ||und|| | ||
| 020 | _a0-7356-0995-0 | ||
| 082 |
_a005.133 _bHOW-D |
||
| 100 | _aHoward;Michael | ||
| 245 | 0 | _aDesigning secure web-based application windows2000 | |
| 260 |
_bMichel _aUK _c2000 |
||
| 300 | _a504 | ||
| 650 | _aComputer | ||
| 942 | _cBK | ||
| 999 |
_c2351 _d2351 |
||